Documents relatifs a la Société Générale des Prisons... (Record no. 153537)

MARC details
000 -LEADER
campo de control de longitud fija 01028nam a2200205 i 4500
001 - NÚMERO DE CONTROL
campo de control 153537
003 - IDENTIFICADOR DE NÚMERO DE CONTROL
campo de control ES-MaACL
005 - FECHA Y HORA DE LA ÚLTIMA TRANSACCIÓN
campo de control 20250719062538.0
008 - DATOS DE LONGITUD FIJA--INFORMACIÓN GENERAL
campo de control de longitud fija 050711s1890 fr |||| | fre d
110 1# - ENTRADA PRINCIPAL--NOMBRE DE ENTIDAD CORPORATIVA
Nombre de entidad corporativa o nombre de jurisdicción como elemento de entrada Francia.
Unidad subordinada Ministère de l'Intérieur.
9 (RLIN) 134396
245 10 - MENCIÓN DEL TÍTULO
Título Documents relatifs a la Société Générale des Prisons...
Resto del título : année 1890.
260 ## - PUBLICACIÓN, DISTRIBUCIÓN, ETC.
Lugar de publicación, distribución, etc. Melun :
Nombre del editor, distribuidor, etc. [s.n.],
Fecha de publicación, distribución, etc. 1890 (
Fabricante Imp. Administrative)
300 ## - DESCRIPCIÓN FÍSICA
Extensión 46 p. ;
Dimensiones 23 cm.
610 24 - PUNTO DE ACCESO ADICIONAL DE MATERIA--NOMBRE DE ENTIDAD CORPORATIVA
Nombre de entidad corporativa o nombre de jurisdicción como elemento de entrada Société Générale des Prisons.
9 (RLIN) 167516
852 ## - LOCALIZACIÓN
Ubicación ES-MaACL
Número de control de estantería D-69(7)
Ubicación en estantería Sala Valle Inclán
itemnumber 159127
Sublocalización o colección R.FOLL.2/6
Signatura antigua Olim: 193-C-13
Marcas de propiedad Sello en tinta en portada: "Donativo del Sr. Lastres al Ateneo de Madrid 1907"
Anotaciones manuscritas Anotación manuscrita en cubierta: "Folletos penitenciarios. Tomo 13"
Donativo/Legado Donación: Francisco Lastres y Juiz
Encuadernación Encuadernado con otras obras formando un volumen facticio
-- Encuadernación holandesa
903 ## - NOMBRE PERSONAL DE DONANTE
a Lastres y Juiz, Francisco,
d 1848-1918
q 1
e Donante
9 70504
942 ## - ELEMENTOS DE ENTRADA SECUNDARIOS (KOHA)
Fuente del sistema de clasificación o colocación Clasificación decimal universal
Tipo de ítem Koha Folleto
Holdings
Estatus retirado Estado de pérdida Fuente del sistema de clasificación o colocación Estado de daño No para préstamo Colección Biblioteca de origen Biblioteca actual Ubicación en estantería Fecha de adquisición Fuente de adquisición Total de préstamos Signatura topográfica completa Código de barras Visto por última vez Precio de reemplazo Tipo de ítem Koha
    Clasificación decimal universal     Colección de folletos Biblioteca del Ateneo de Madrid Biblioteca del Ateneo de Madrid Sala Valle Inclán 17/01/2008 Donación   D-69(7) 901160503 23/02/2023 23/02/2023 Folleto